| 000 | 00594nam a2200181Ia 4500 | ||
|---|---|---|---|
| 008 | 151018s9999 xx 000 0 und d | ||
| 082 |
_bRBASDV52286 _a891.463 |
||
| 100 | _aचेतन भगत | ||
| 245 | _aद थ्री मिस्टेक्स ऑफ माय | ||
| 250 | _b1 | ||
| 260 |
_bक्ष _c2009 |
||
| 300 | _a256 | ||
| 600 | _aचेतन भगत | ||
| 630 | _aद थ्री मिस्टेक्स ऑफ माय | ||
| 700 | _aचेतन भगत | ||
| 730 | _aद थ्री मिस्टेक्स ऑफ माय | ||
| 942 | _cBOOK | ||
| 999 |
_c1050970 _d1050967 |
||